MARC

LEADER 00000nam0a2200000 4500
001 677832
005 20241224085803.0
090 |a 677832 
100 |a 20241223d1978 km|y0rusy50 ca 
101 0 |a rus 
102 |a UA 
105 |a y z 000yy 
181 0 |a i   |b  e  
182 0 |a n 
183 0 |a nc  |2 RDAcarrier 
200 1 |a Вопросы прогнозирования общественных явлений  |f Институт философии Академии наук Украинской ССР 
203 |a Текст  |b визуальный  |c непосредственный 
210 |a Киев  |c Наукова думка  |d 1978 
215 |a 195 с. 
225 1 |a Исторический материализм как теория социального познания и действия 
283 |a volume  |2 RDAcarrier 
320 |a Библиогр. в тексте 
606 1 |a Социальное прогнозирование  |9 58650 
610 1 |a социология 
610 1 |a общественные явления 
610 1 |a социальное предвидение 
610 1 |a социальные прогнозы 
610 1 |a социальные показатели 
686 |2 rubbk  |a С55.373.11 
712 0 2 |a Академия наук Украинской ССР  |b Институт философии  |4 570  |9 25544 
801 0 |a RU  |b 63413507  |c 20241224 
830 |a Ретро2024Каталогизация Кузнецова 
850 |a 63413507 
942 |c BK